Tennis Billie Jean King Cup Top 4 Positions - Statistics

General Stats
  • This quiz has been taken 131 times
    39 since last reset
  • The average score is 24 of 29
Answer Stats
Answer % Correct
France
100%
Germany
100%
United States
100%
West Germany
100%
Australia
97%
Canada
97%
Great Britain
97%
Italy
97%
Russia
97%
Spain
97%
Czech Republic
94%
Belgium
89%
China
89%
Czechoslovakia
86%
Serbia
86%
Switzerland
86%
Japan
83%
Netherlands
81%
Slovakia
81%
Belarus
78%
Argentina
75%
Romania
75%
Bulgaria
69%
Austria
67%
Soviet Union
67%
Yugoslavia
64%
Slovenia
58%
South Africa
56%
Indonesia
14%
No matching quizzes found
Score Distribution
Percent of People with Each Score
Percentile by Number Answered
Your Score History
You have not taken this quiz since the last reset